Econometric analysis / (Record no. 24356)
[ view plain ]
| 000 -LEADER | |
|---|---|
| fixed length control field | 00581cam a22002054a 4500 |
| 020 ## - INTERNATIONAL STANDARD BOOK NUMBER | |
| ISBN | 9788177586848 |
| 041 ## - LANGUAGE CODE | |
| Language code of text/sound track or separate title | English |
| 082 00 - DEWEY DECIMAL CLASSIFICATION NUMBER | |
| Classification number | 330.015195 |
| Item number | GRE |
| 100 1# - MAIN ENTRY--AUTHOR NAME | |
| Author name | Greene, William H., |
| 245 10 - TITLE STATEMENT | |
| Title | Econometric analysis / |
| Statement of responsibility, etc | William H. Greene. |
| 250 ## - EDITION STATEMENT | |
| Edition statement | 5th ed. |
| 260 ## - PUBLICATION, DISTRIBUTION, ETC. (IMPRINT) | |
| Place of publication | South Asia : |
| Name of publisher | Pearson Education , |
| Year of publication | 2003. |
| 300 ## - PHYSICAL DESCRIPTION | |
| Number of Pages | xxx, 1026 pages ; |
| Dimensions | 25 cm. |
| 504 ## - BIBLIOGRAPHY, ETC. NOTE | |
| Bibliography, etc | Includes bibliographical references and indexes. |
| 650 #0 - SUBJECT ADDED ENTRY--TOPICAL TERM | |
| Subject | Econometrics. |
| 650 #0 - SUBJECT ADDED ENTRY--TOPICAL TERM | |
| Subject | Regression analysis. |
| 650 #0 - SUBJECT ADDED ENTRY--TOPICAL TERM | |
| Subject | Mathematical statistics. |
| 942 ## - ADDED ENTRY ELEMENTS (KOHA) | |
| Source of classification or shelving scheme | Dewey Decimal Classification |
| Koha item type | Books |
| Withdrawn status | Lost status | Source of classification or shelving scheme | Damaged status | Not for loan | Home library | Current library | Shelving location | Date acquired | Source of acquisition | Cost, normal purchase price | Full call number | Accession Number | Price effective from | Koha item type |
|---|---|---|---|---|---|---|---|---|---|---|---|---|---|---|
| Dewey Decimal Classification | Institute of Public Enterprise, Library | Institute of Public Enterprise, Library | S Campus | 05/25/2026 | Donated by Prof. S. Satish Kumar (IPE Faculty) | 650.00 | 330.015195 GRE | 51080 | 05/25/2026 | Books |

2cqr automation private limited, Chennai. All Rights Reserved.